| 000 | 00547nam a2200193Ia 4500 | ||
|---|---|---|---|
| 003 | LDD | ||
| 008 | 181029s9999 xx 000 0 und d | ||
| 020 |
_a195632087 _c295.00 |
||
| 040 | _cLDD | ||
| 100 | _aIyer, Raghavan | ||
| 245 | 0 |
_aEssential writings of Mahatma Gandhi _cRaghavan Iyer |
|
| 260 |
_aNew Delhi _bOxford India _c2006 |
||
| 300 | _axvi, 441p. | ||
| 365 | _b295.00 | ||
| 901 |
_a3465 _b07-11-2006 |
||
| 902 |
_a0832 _b30-11-2006 _cF _dAAKAR _e32 |
||
| 903 |
_aDiscount-10 _bReqst by : Gopal, D. (Dr.) |
||
| 942 |
_2ddc _cBK |
||
| 999 |
_c76714 _d76714 |
||